| 000 | 00927cab a2200265 4500 | ||
|---|---|---|---|
| 001 | ABS50041 | ||
| 008 | 090401t1993 xxu||||| |||| 00| 0 eng d | ||
| 035 | _a(Sirsi) u73804 | ||
| 041 | _aeng | ||
| 100 | _aDent, P. | ||
| 245 | _aPublic property holdings: evaluating the asset | ||
| 260 | _c1993 | ||
| 350 | _a0 | ||
| 490 |
_aProperty Management _v11(4) Autumn 1993, 314-318(5) |
||
| 520 | _aDescribes how over the last few years there has been a worldwide movement towards greater public accountability and more efficient resource management , and as a by-product of this valuers are being asked to undertake valuations of non-market property assets. | ||
| 650 | _aASSET VALUATION | ||
| 650 | _aNON-MARKET VALUATION | ||
| 650 | _aPROPERTY ASSETS | ||
| 650 | _aPUBLIC ASSETS | ||
| 650 | _aPUBLIC SECTOR PROPERTY | ||
| 690 | _aRATING AND VALUATION | ||
| 700 | _aBond, S. | ||
| 942 | _n0 | ||
| 948 | _c04/03/1997 | ||
| 999 |
_c46587 _d46587 |
||